Statistics for American History- French and Indian War

Click here to take the quiz!

General Stats

  • This quiz has been taken 195 times
  • The average score is 6 of 13

Answer Stats

HintAnswer% Correct
During the war, the natives sided mainly with which country?France
94%
In 1753, the French began building ____ in the Ohio ValleyForts
60%
This 21-year-old surveyor was asked to lead the force.George Washington
60%
In February 1763, the French and British signed the Treaty of _____, officially ending the war.Paris
56%
1759, the British attacked the capital of New France at _____Quebec
56%
The _____ ignored this order.French
55%
The British sent in the Virginia _____ to order the French to leave.Militia
54%
He returned a year later to build Fort ______.Necessity
28%
In 1755, General Edward Braddock was sent to capture fort ______.Duquesne
24%
The British were losing until _____ became Prime Minister and appointed good generalsWilliam Pitt
22%
He published the "________" cartoon snake in his newspaper, The Philadelphia Gazette.Join or Die
20%
___________ submitted a compromise in which the colonies could vote for members of a committee that was in charge to the backcountry.Ben Franklin
17%
To try and cooperate with the native Americans, the British held the _____ CongressAlbany
15%

Score Distribution

Percentile by Number Answered

Percent of People with Each Score

Your Score History

You have not taken this quiz